Théatre. Tome IX
Gorde:
| Egile nagusia: | |
|---|---|
| Formatua: | Liburua |
| Hizkuntza: | frantsesa |
| Argitaratua: |
París
Delangle Frères, Éditeurs-Libraires
1829
|
| Edizioa: | 1a. ed |
| Saila: | Oeuvres complètes de Voltaire, 11
|
| Gaiak: | |
| Etiketak: |
Etiketa erantsi
Etiketarik gabe, Izan zaitez lehena erregistro honi etiketa jartzen!
|
MARC
| LEADER | 00000nam a2200000 a 4500 | ||
|---|---|---|---|
| 001 | UCJ7465 | ||
| 003 | CL-VaPUC | ||
| 008 | 070124e18290000FR |||||||||||||||||fre|d | ||
| 082 | 0 | 4 | |a 848 |b VOL |2 21 |
| 100 | 0 | |a Voltaire, François Marie Arouet de |e author |9 515900 | |
| 245 | 1 | 0 | |a Théatre. Tome IX |
| 246 | 1 | 0 | |a Nanine ou Le Préjugé vaincu |
| 246 | 1 | 3 | |a L' Ecossaise |
| 246 | 1 | 0 | |a Charlot, ou La Comtesse de Givri |
| 246 | 1 | 3 | |a Le Dépositaire |
| 250 | |a 1a. ed | ||
| 300 | |a 509 p | ||
| 942 | |c BK | ||
| 945 | |d 20070124 00:00:00 |a rinostro | ||
| 260 | |a París |b Delangle Frères, Éditeurs-Libraires |c 1829 | ||
| 500 | |a Se encuentra ubicado en la Sala Emilio Tagle C. | ||
| 650 | 0 | |a Teatro francés |9 265089 | |
| 650 | 0 | |a Crítica literaria |9 269189 | |
| 583 | |a last modification |c 20070124 00:00:00 |k Rodrigo Vera | ||
| 490 | 0 | |a Oeuvres complètes de Voltaire, 11 | |
| 999 | |c 323549 |d 323547 | ||
| 952 | |0 0 |1 0 |4 0 |6 848_000000000000000_VOL_1829 |7 0 |8 X |9 403236 |a FDOBUD |b FDOBUD |d 2019-11-22 |i 1064150 |o 848 VOL 1829 |p 1064150 |r 2019-11-22 |w 2019-11-22 |y BK_X |k BUD | ||